Black Beauty / (Record no. 62329)
[ view plain ]
| 000 -LEADER | |
|---|---|
| fixed length control field | 00759nam a22001937a 4500 |
| 005 - DATE AND TIME OF LATEST TRANSACTION | |
| control field | 20230316115938.0 |
| 010 ## - LCCN (DPL NO) | |
| LC control number | B-747473-475 E.N.A./7.11.22 |
| 020 ## - INTERNATIONAL STANDARD BOOK NUMBER | |
| International Standard Book Number | 9789391574390 |
| Terms of availability | 395.00 |
| 035 ## - SYSTEM CONTROL NUMBER | |
| System control number | B-747473-475 |
| 037 ## - SOURCE OF ACQUISITION | |
| Source of stock number/acquisition | Gyan Geeta Prakashan |
| 082 ## - DEWEY DECIMAL CLASSIFICATION NUMBER | |
| Classification number | S |
| 100 ## - MAIN ENTRY--PERSONAL NAME | |
| Personal name | Sewell, Anna |
| 245 ## - TITLE STATEMENT | |
| Title | Black Beauty / |
| Remainder of title | by Anna Sewell |
| 260 ## - PUBLICATION, DISTRIBUTION, ETC. (IMPRINT) | |
| Place of publication, distribution, etc | Delhi |
| Name of publisher, distributor, etc | Gyan Geeta Prakashan |
| Date of publication, distribution, etc | 2022 |
| 270 ## - ADDRESS | |
| Address | F-7, Gali No. 1, Panchsheel Garden Ext. Naveen Shahdra |
| City | Delhi |
| Postal code | 110032 |
| Telephone number | 09716234769 |
| 300 ## - PHYSICAL DESCRIPTION | |
| Extent | 100p. |
| Dimensions | 23cm(hbk) |
| 942 ## - ADDED ENTRY ELEMENTS (KOHA) | |
| Source of classification or shelving scheme | Dewey Decimal Classification |
| Item type | English Books |
| Call number suffix | SEW |
| Classification part | S |
| Withdrawn status | Lost status | Not for loan | Collection code | Home library | Current library | Date acquired | Source of acquisition | Cost, normal purchase price | Full call number | Barcode | Copy number | Cost, replacement price | Koha item type |
|---|---|---|---|---|---|---|---|---|---|---|---|---|---|
| Fiction | Central Library | Central Library | 16/03/2023 | Gyan Gita Prakashan/91/30.11.22/168/23.11.22/13.12.22 | 395.00 | S SEW | B-747473 | 1 | 395.00 | English Books | |||
| Fiction | Patel Nagar | Patel Nagar | 16/03/2023 | Gyan Gita Prakashan/91/30.11.22/168/23.11.22/13.12.22 | 395.00 | S SEW | B-747474 | 1 | 395.00 | English Books | |||
| Fiction | Shahdara Branch | Shahdara Branch | 16/03/2023 | Gyan Gita Prakashan/91/30.11.22/168/23.11.22/13.12.22 | 395.00 | S SEW | B-747475 | 1 | 395.00 | English Books |
